Flags of North America - Statistics

General Stats
  • This quiz has been taken 15 times
  • The average score is 19 of 23
Answer Stats
Picture Answer % Correct
Canada
100%
Mexico
100%
Belize
92%
Cuba
92%
Dominica
92%
Haiti
92%
Honduras
92%
Jamaica
92%
Nicaragua
92%
Panama
92%
U.S.A
92%
Bahamas
85%
Dominican Republic
85%
El Salvador
85%
Antigua and Barbuda
77%
Costa Rica
77%
Guatemala
77%
Barbados
69%
Grenada
69%
St Kitts and Nevis
69%
St Lucia
69%
St Vincent and the Grenadines
69%
Trinidad and Tobago
69%
No matching quizzes found
Score Distribution
Percent of People with Each Score
Percentile by Number Answered
Your Score History
You have not taken this quiz